Normal view
MARC view
- Kim, Hyeon-Sik.
Entry Personal Name
001 - CONTROL NUMBER
- control field: 56207
003 - CONTROL NUMBER IDENTIFIER
- control field: OSt
005 - DATE AND TIME OF LATEST TRANSACTION
- control field: 20240405131422.0
008 - FIXED-LENGTH DATA ELEMENTS
- fixed length control field: 240405|| aca||aabn | a|a d
040 ## - CATALOGING SOURCE
- Original cataloging agency: OSt
- Transcribing agency: OSt
100 ## - HEADING--PERSONAL NAME
- Personal name: Kim, Hyeon-Sik.
- Relator term: author.
670 ## - SOURCE DATA FOUND
- Source citation: Work cat.: (OSt): Yoo, Jiwon. author. 56206, MTPA tracking control of sensorless IPMSM based on square-wave voltage signal injection /, October 2022.
